00869nam a2200217Ia 4500003000900000008004100009020001800050040001600068080002300084100002900107245014000136260003700276300001400313490005100327650002400378650004400402650004000446942000700486999001700493952014100510IN-BaIIA211028s9999 xx 000 0 eng d a1-4020-1521-6 cIIA Library a52(082.1)bASS-295 aVozmischeva, T. G928937 0aIntegrable problems of celestial mechanics in spaces of constant curvaturecT. G. Vozmischeva  aDordrechtbKluwer Academicc2003 axi, 180p. aAstrophysics and space science library; v. 295 aCelestial mechanics aDifferentiable dynamical systems928938 aSpaces of constant curvature928939 cBK c15704d15704 00104070aBANbBANcGENd2004-07-24eEDS g5024.25l0o52(082.1)/ ASS-295p16626r2021-11-05v5024.25w2004-07-24yBKGRs. 5024.25